000
00345cam a2200145ua 4500
041
_a
eng
_h
082
_a
801.93
_b
CRO/AE
100
_a
Croce, Benedetto .
245
_a
Aesthetic /
_c
Benedetto Croce.
_h
Textual Documents
260
_a
London :
_b
Vision Press ,
_c
1962.
300
_a
503 ; .
504
_a
942
_c
BK
999
_c
5124
_d
5124